|
|
|
|
| LEADER |
00000nam a22000007a 4500 |
| 005 |
2021041904374.0 |
| 007 |
cr|||| |||| |
| 008 |
210419s2020 cr |||||s|||| 00||0 spa d |
| 020 |
|
|
|a 978-9930-589-00-7
|
| 035 |
|
|
|a 33165
|
| 040 |
|
|
|a vLex
|
| 090 |
|
|
|c 11472
|d 11472
|
| 100 |
1 |
|
|a Monge Gonzl̀ez, Ricardo
|
| 245 |
1 |
0 |
|a Costa Rica: Un proceso de apertura inconcluso
|h [Recurso electrn̤ico] :
|b Anl̀isis de economa̕ polt̕ica de la apertura comercial y episodios reveladores /
|c Ricardo Monge Gonzl̀ez, Luis Rivera Valerio
|
| 256 |
|
|
|a Servicio en ln̕ea
|
| 260 |
|
|
|a San Jos:̌
|b LEAD University,
|c 2020
|
| 300 |
|
|
|a 1 recurso electrn̤ico
|
| 506 |
1 |
|
|a Disponible solo en los productos indicados
|d vLex Global
|d vLex Global (Academic Edition, excluding Law Schools)
|d vLex Global (U.S. Academic Edition, Law Schools)
|d vLex Global (U.S. Academic Edition, excluding Law Schools)
|d vLex Global (Academic Edition, Law Schools)
|
| 650 |
0 |
4 |
|a Comercio
|z Costa Rica
|
| 700 |
1 |
|
|a Rivera Valerio, Luis
|
| 740 |
0 |
|
|a vLex Libros (Servicio en ln̕ea)
|
| 856 |
4 |
0 |
|u https://vlex.com/source/costa-rica-un-proceso-de-apertura-inconcluso-analisis-de-economia-politica-de-la-apertura-comercial-y-episodios-reveladores-33165
|z Acceso restringido
|
| 942 |
|
|
|c BOOK
|
| 999 |
0 |
|
|a Commerce
|